|
|
|
|
| LEADER |
00000nab a2200000Ia 4500 |
| 001 |
vtls010857566 |
| 003 |
SK-MaSNL |
| 005 |
20260303105904.0 |
| 008 |
230121|2011 xo |||||||||||||||||slo| |
| 035 |
|
|
|a (urnnbn)urn:nbn:sk:snk:ar-a07nnh
|
| 035 |
|
|
|a urn:nbn:sk:snk-ab6geb
|
| 035 |
|
|
|a (uuid)8821158c-0de7-488c-8b02-391f6baf997a
|
| 040 |
|
|
|a SNKBUCL
|b slo
|c SNKBUCL
|e AACR2
|
| 041 |
0 |
|
|a slo
|
| 044 |
|
|
|a xo
|c SK
|
| 080 |
|
|
|a 796.52
|2 2001
|
| 100 |
1 |
|
|a Rajčan, Paľo
|4 aut
|9 1121455
|
| 245 |
1 |
0 |
|a Ľadová zima
|c Paľo Rajčan
|
| 650 |
0 |
7 |
|a horolezectvo
|2 SNKPH
|9 1050
|
| 650 |
0 |
7 |
|a ľadovce
|2 SNKPH
|9 28983
|
| 773 |
0 |
|
|t Horolezec : odborný, metodický a informačný časopis Slovenského horolezeckého spolku JAMES
|g Roč. 43, č. 1 (2011), s. 5
|
| 954 |
|
|
|a odborná, vedecká literatúra pôvodná (slovenská)
|2 lita
|
| 958 |
|
|
|a OND
|
| 958 |
|
|
|a EUIPO
|
| 958 |
|
|
|a article5
|
| 999 |
|
|
|c 1866418
|d 1868348
|